| 000 | 00550nam a22001817a 4500 | ||
|---|---|---|---|
| 005 | 20251108175524.0 | ||
| 008 | 250721s2016 xx 000 0 ara d | ||
| 082 | 1 | 4 | _aق/عبد |
| 100 | 1 | _aعبد الحميد، عمرو | |
| 245 | 1 | 0 | _aأرض زيكولا 2 : أماريتا رواية / |
| 264 | 1 |
_a[د.م] : _bعصير الكتب للنشر والتوزيع، _c2016. |
|
| 300 | _a324 ص. | ||
| 650 | 1 | 7 | _aالروايات |
| 650 | 1 | 7 | _aالأدب العربي |
| 650 | 1 | 7 | _aالعصر الحديث |
| 942 |
_2ddc _cBK |
||
| 999 |
_c136073 _d136073 |
||